横浜市の旅客駅 - Statistics

General Stats
  • This quiz has been taken 883 times
    810 since last reset
  • The average score is 82 of 138
Answer Stats
Hint Answer % Correct
東海道・横須賀線 横浜
99%
東海道・横須賀線 戸塚
95%
京浜東北・根岸線 桜木町
95%
京浜東北・根岸線 鶴見
94%
京浜東北・根岸線 東神奈川
94%
横浜線 新横浜
94%
京浜東北・根岸線 | 地下鉄ブルーライン 関内
92%
東海道・横須賀線 東戸塚
91%
横浜線 菊名
87%
東海道・横須賀線 保土ケ谷
86%
京浜東北・根岸線 新子安
86%
京浜東北・根岸線 磯子
85%
京浜東北・根岸線 根岸
84%
京浜東北・根岸線 港南台
84%
京浜東北・根岸線 新杉田
83%
京浜急行線 金沢文庫
83%
京浜急行線 金沢八景
83%
横浜線 長津田
83%
京浜東北・根岸線 石川町
82%
京浜急行線 神奈川
82%
京浜急行線 上大岡
82%
東横線 日吉
82%
こどもの国線 こどもの国
81%
京浜東北・根岸線 山手
80%
田園都市線 あざみ野
80%
京浜東北・根岸線 洋光台
79%
地下鉄ブルーライン センター北
79%
地下鉄ブルーライン センター南
79%
みなとみらい線 みなとみらい
79%
みなとみらい線 元町・中華街
79%
京浜急行線 京急鶴見
78%
相鉄JR直通線 羽沢横浜国大
78%
京浜急行線 京急東神奈川
77%
相鉄線 二俣川
77%
東横線 綱島
77%
京浜東北・根岸線 本郷台
76%
横浜線 大口
76%
横浜線 中山
76%
相鉄線 西谷
74%
みなとみらい線 馬車道
74%
東横線 白楽
73%
東急新横浜線 新綱島
73%
鶴見線 国道
72%
横浜線 小机
72%
東横線 東白楽
72%
京浜急行線 京急新子安
71%
京浜急行線 子安
71%
相鉄線 西横浜
71%
東横線 反町
70%
みなとみらい線 新高島
70%
田園都市線 たまプラーザ
69%
京浜急行線 神奈川新町
68%
京浜急行線 杉田
68%
横浜線 鴨居
68%
相鉄線 星川
68%
みなとみらい線 日本大通り
68%
横浜線 十日市場
67%
田園都市線 青葉台
65%
京浜急行線 生麦
64%
こどもの国線 恩田
64%
相鉄線 平沼橋
64%
京浜急行線 黄金町
62%
相鉄線 上星川
62%
京浜急行線 | 地下鉄ブルーライン 弘明寺
61%
東横線 妙蓮寺
61%
東横線 大倉山
60%
地下鉄ブルーライン 北新横浜
60%
相鉄線 瀬谷
59%
地下鉄ブルーライン 伊勢佐木長者町
58%
京浜急行線 鶴見市場
57%
相鉄線 鶴ケ峰
57%
相鉄線 いずみ野
57%
地下鉄ブルーライン 三ツ沢上町
57%
地下鉄ブルーライン 三ツ沢下町
57%
田園都市線 田奈
56%
京浜急行線 戸部
55%
京浜急行線 日ノ出町
55%
京浜急行線 花月総持寺
54%
地下鉄ブルーライン 高島町
54%
地下鉄ブルーライン 踊場
54%
鶴見線 安善
53%
地下鉄ブルーライン 新羽
53%
相鉄線 いずみ中央
52%
鶴見線 鶴見小野
51%
田園都市線 江田
51%
相鉄線 南万騎が原
51%
金沢シーサイドライン 八景島
51%
鶴見線 浅野
50%
相鉄線 三ツ境
50%
田園都市線 市が尾
49%
京浜急行線 井土ヶ谷
48%
相鉄線 天王町
48%
相鉄線 和田町
48%
地下鉄ブルーライン 上永谷
48%
京浜急行線 南太田
47%
相鉄線 緑園都市
47%
相鉄線 ゆめが丘
47%
京浜急行線 能見台
46%
田園都市線 藤が丘
46%
相鉄線 希望ケ丘
46%
地下鉄ブルーライン 下永谷
46%
鶴見線 弁天橋
45%
南武線 矢向
44%
京浜急行線 屏風浦
43%
京浜急行線 京急富岡
43%
地下鉄グリーンライン 都筑ふれあいの丘
42%
地下鉄ブルーライン 中川
41%
地下鉄ブルーライン 岸根公園
41%
地下鉄グリーンライン 北山田
41%
京浜急行線 六浦
40%
地下鉄グリーンライン 日吉本町
40%
地下鉄ブルーライン 蒔田
36%
地下鉄ブルーライン 港南中央
36%
地下鉄ブルーライン 舞岡
36%
地下鉄グリーンライン 東山田
36%
地下鉄ブルーライン 仲町台
35%
地下鉄ブルーライン 下飯田
34%
地下鉄ブルーライン 中田
33%
地下鉄ブルーライン 立場
33%
地下鉄グリーンライン 川和町
33%
相鉄線 弥生台
32%
地下鉄ブルーライン 阪東橋
32%
金沢シーサイドライン 海の公園柴口
30%
地下鉄ブルーライン 片倉町
29%
地下鉄グリーンライン 高田
29%
金沢シーサイドライン 海の公園南口
27%
地下鉄ブルーライン 吉野町
26%
金沢シーサイドライン 並木中央
23%
金沢シーサイドライン 市大医学部
21%
金沢シーサイドライン 幸浦
20%
金沢シーサイドライン 南部市場
18%
金沢シーサイドライン 並木北
18%
金沢シーサイドライン 野島公園
18%
金沢シーサイドライン 鳥浜
17%
金沢シーサイドライン 産業振興センター
17%
金沢シーサイドライン 福浦
17%
No matching quizzes found
Score Distribution
Percent of People with Each Score
Percentile by Number Answered
Your Score History
You have not taken this quiz since the last reset